000 01280cad a22002415a 4500
001 L155428
008 120321u2012 xxk g 000 0 eng d
035 _a(Sirsi) u155428
041 0 _aeng
110 2 _aLychgate Projects Ltd
245 0 0 _aValue of building control
_h[electronic resource]
260 _aReading
_bLychgate Projects Ltd
_c2012
505 2 _aIntroduction -- Summary -- Benefits and contribution of building control -- Issues with the building control process -- The building regulations system -- Important aspects of the building control process -- Satisfaction with the building control process -- Views on third party assessment and self-certification -- Suggestions for improvement -- Further comments about building control
520 _aReport on research carried out to determine the value of building control to customers.
590 _aKA NTK
651 4 _aEngland and Wales
_y1543-
690 _aBuilding regulations
_96224
710 2 _aLABC
710 1 _aACAI
710 1 _aBuilding Control Alliance
_95309
856 4 0 _uhttps://www.buildingcontrolalliance.org/wp-content/uploads/downloads/2012/03/Lychgate-report-Value-of-Building-Control-Jan-2012-FINAL.pdf
_zView this item free of charge at www.buildingcontrolalliance.org
942 _n0
999 _c113567
_d113567